aespa - Toutes les chansons - Statistiques

Statistiques générales
  • Ce quiz a été pris 127 fois
    3 depuis la dernière actualisation
  • Le résultat moyen est 36 sur 72
Statistiques - réponses
Hint Réponse % Correct
Savage 1 aenergy
100%
Girls 7 Black Mamba
100%
Drama 1 Drama
100%
Singles 2021 Next Level
100%
Rich Man 1 RIch Man
100%
Savage 2 Savage
100%
Armaggedon 1 Supernova
100%
Whiplash 1 Whiplash
100%
Armaggedon 2 Armaggedon
67%
Armaggedon 6 BAHAMA
67%
Drama 7 Better Things
67%
SYNK : aeXIS LINE 1 BLUE - WINTER Solo
67%
Rich Man 4 Count On Me
67%
Singles 2025 Dirty Work
67%
SYNK : PARALLEL LINE 2 Dopamine - Giselle Solo
67%
Girls 9 Dreams Come True
67%
Girls 1 Girls
67%
Singles 2023 Hold On Tight
67%
Drama 4 Hot Air Balloon
67%
Singles 2024 Hot Mess
67%
Girls 2 Illusion
67%
MY WORLD 5 I'm Unhappy
67%
Whiplash 2 Kill It
67%
Armaggedon 5 Licorice
67%
Armaggedon 9 Live My Life
67%
Armaggedon 7 Long chat (#<3)
67%
Armaggedon 4 Mine
67%
MY WORLD 3 Salty & Sweet
67%
SYNK : PARALLEL LINE 4 Spark - WINTER Solo
67%
MY WORLD 2 Spicy
67%
MY WORLD 4 Thirsty
67%
Drama 2 Trick or Trick
67%
SYNK : PARALLEL LINE 1 UP - Karina Solo
67%
LEMONADE 1 WDA (Whole Different Animal) (feat. G-Dragon)
67%
MY WORLD 1 Welcome to MY WORLD (feat. nævis)
67%
Drama 5 YOLO
67%
Drama 6 You
67%
Rich Man 5 Angel #48
33%
Singles 2026 ATTITUDE
33%
Singles 2022 Beautiful Christmas
33%
SYNK : PARALLEL LINE 3 Bored! - NINGNING Solo
33%
Rich Man 3 Bubble
33%
Drama 3 Don't Blink
33%
Rich Man 2 Drift
33%
Whiplash 5 Flowers
33%
Girls 8 Forever
33%
SYNK : aeXIS LINE 4 GOOD STUFF - KARINA Solo
33%
Girls 5 ICU
33%
SYNK : aeXIS LINE 2 Ketchup And Lemonade - NINGNING Solo
33%
Singles 2026 Keychain (feat. Anderson .Paak) pour K-POPS!
33%
Girls 4 Life's Too Short
33%
Girls 6 Life's Too Short (English Version)
33%
Savage 6 Lucid Dream
33%
Armaggedon 10 Melody
33%
Whiplash 4 Pink Hoodies
33%
Armaggedon 8 Prologue
33%
Singles 2024 Regret of the Times
33%
Armaggedon 3 Set The Tone
33%
MY WORLD 6 'Til We Meet Again
33%
SYNK : aeXIS LINE 3 Tornado - GISELLE Solo
33%
Rich Man 6 To The Girls
33%
Singles 2023 We Go pour Pokémon 2023
33%
Savage 4 YEPPI YEPPI
33%
Singles 2024 Die Trying
0%
Whiplash 3 Fights, Not Feelings
0%
Savage 5 ICONIC
0%
Savage 3 I'll Make You Cry
0%
Singles 2023 Jingle Bell Rocks
0%
Whiplash 6 Just Another Girl
0%
Girls 3 Lingo
0%
Singles 2024 Sun and Moon
0%
Singles 2023 ZOOM ZOOM
0%
Aucun quiz correspondant
Distribution des résultats
% des personnes avec chaque résultat
Percentile par nombre de réponses
Votre historique - résultats
Vous n’avez pas pris ce quiz depuis la dernière actualisation